Consultas en Excel (Registro nro. 11537)
[ vista simple ]
| 000 -CABECERA | |
|---|---|
| campo de control de longitud fija | 00870nam a22003257a 4500 |
| 005 - FECHA Y HORA DE ACTUALIZACIÓN | |
| campo de control | 20231115061154.0 |
| 008 - LONGITUD FIJA | |
| campo de control de longitud fija | 190114b xxu||||| |||| 00| 0 spa d |
| 020 ## - INTERNATIONAL STANDARD BOOK NUMBER | |
| Número Internacional Estándar del Libro | 9786076229583 |
| 041 ## - IDIOMA | |
| Código de idioma del texto/pista de sonido o título separado | |
| 082 ## - CLASIFICACIÓN DECIMAL DEWEY | |
| Número de clasificación | 005.54 F634c |
| 100 ## - AUTOR PERSONAL | |
| Nombre de persona | Flores Castillo, José Mauricio |
| 245 ## - TÍTULO PROPIAMENTE DICHO | |
| Título | Consultas en Excel |
| 260 ## - PIE DE IMPRENTA | |
| Lugar de publicación, distribución, etc. | México |
| 260 ## - PIE DE IMPRENTA | |
| Nombre del editor, distribuidor, etc. | Alfaomega |
| 260 ## - PIE DE IMPRENTA | |
| Fecha de publicación, distribución, etc. | 2017 |
| 300 ## - DESCRIPCIÓN FÍSICA | |
| Extensión | 360 páginas |
| 505 ## - Nota de Contenido | |
| Nota de contenido | Contiene plataforma de contenidos interactivos |
| 650 ## - Materia General | |
| Materia general | INFORMÁTICA |
| 650 ## - Materia General | |
| Materia general | HOJAS DE CÁLCULO |
| 650 ## - Materia General | |
| Materia general | ANÁLISIS DE DATOS |
| 650 ## - Materia General | |
| Materia general | CONSULTAS |
| 650 ## - Materia General | |
| Materia general | TABLAS DINÁMICAS |
| 650 ## - Materia General | |
| Materia general | MODELO DE DATOS |
| 650 ## - Materia General | |
| Materia general | INTERNET |
| 650 ## - Materia General | |
| Materia general | TABLAS |
| 650 ## - Materia General | |
| Materia general | LISTAS |
| 650 ## - Materia General | |
| Materia general | REGISTROS |
| 650 #0 - Materia General | |
| Materia general | FUNCIONES |
| 942 ## - Punto de Acceso Adicional Koha | |
| Tipo de ítem Koha | Libro |
| Estado perdido | Estado dañado | No para préstamo | Biblioteca permanente | Biblioteca actual | Signatura completa | Código de barras | Precio efectivo a partir del | Tipo de ítem |
|---|---|---|---|---|---|---|---|---|
| Departamento de Biblioteca y Documentación Alfonso Chase Brenes | Departamento de Biblioteca y Documentación Alfonso Chase Brenes | 005.54 F634c | 23862 | 14/01/2019 | Libro |